000 00479nam a2200193Ia 4500
005 20240823042638.0
008 240823s9999||||xx |||||||||||||| ||und||
020 _a81-88429-47-3
041 _aENGLISH
082 _A628 P5
100 _aAnandan P
245 0 _aEnvironmental Engineering
250 _a1st
260 _c2005
_b"Scitech Publications,Ch"
500 _aTRANSFERED
650 _aEnvironmental Science
_bMechanical
700 _a Kumaravelan R
942 _cBK
999 _c208365
_d208365